| 000 | 00477nam a22001817a 4500 | ||
|---|---|---|---|
| 003 | NUST - PNEC | ||
| 005 | 20170116180804.0 | ||
| 008 | 150421b xxu||||| |||| 00| 0 eng d | ||
| 020 | _a039583063X | ||
| 040 | _cLIBRARY | ||
| 082 | _a378.3 PAU | ||
| 100 |
_92844 _a Pauk, Walte |
||
| 245 |
_aHow to Study in College _c Walte Pauk |
||
| 260 |
_aNew York _bHoughton Mifflin Harcourt _cc1997. |
||
| 300 | _a450p. : | ||
| 650 |
_92845 _aStudy skills _xGeneral |
||
| 942 |
_2ddc _cBK |
||
| 999 |
_c63124 _d63124 |
||